000 00743cam a22002297i 4500
020 _a9789924500001
040 _cDLC
082 _a 700 NEG 2015 C140 Or.
100 1 _aEng, Netra,
245 1 0 _aSocial accountability in service delivery in Cambodia /
260 _asusan watkins
_beng netra
_c2015
300 _a1 online resource (vi, 54 pages) :
_bPDF.
490 0 _aCDRI working paper series ;
500 _a"June 2015."
650 0 _aPublic health
650 0 _aSocial accounting
700 1 _aHort, Navy,
700 1 _aVong, Mun,
710 2 _aVidyāsthān Paṇṭuḥ Paṇṭāl niṅ Srāvjrāv ṭoempī Qabhivaḍḍhn ̊Kambujā,
856 4 0 _uhttps://hdl.loc.gov/loc.gdc/gdcebookspublic.2019353360
942 _cAEDBB
999 _c19198
_d19198